Nghìn lẻ một đêm = Les mille et une nuits
Salvato in:
| Natura: | Libro |
|---|---|
| Lingua: | Undetermined |
| Pubblicazione: |
Hà Nội
Văn Nghệ
2007
|
| Soggetti: | |
| Tags: |
Aggiungi Tag
Nessun Tag, puoi essere il primo ad aggiungerne! !
|
| Thư viện lưu trữ: | Trung tâm Học liệu Trường Đại học Cần Thơ |
|---|
| LEADER | 00609nam a2200205Ia 4500 | ||
|---|---|---|---|
| 001 | CTU_123692 | ||
| 008 | 210402s9999 xx 000 0 und d | ||
| 020 | |c 72500 | ||
| 082 | |a 398.2093948 | ||
| 082 | |b Ngh311/T.2/2006 | ||
| 245 | 0 | |a Nghìn lẻ một đêm = | |
| 245 | 0 | |b Les mille et une nuits | |
| 245 | 0 | |c Angtoan Galang [chuyển thể] ; Giang Hà Vỵ ... [et al.] dịch | |
| 260 | |a Hà Nội | ||
| 260 | |b Văn Nghệ | ||
| 260 | |c 2007 | ||
| 650 | |a Fairry tales | ||
| 650 | |z Arap countries | ||
| 904 | |i Tuyến | ||
| 980 | |a Trung tâm Học liệu Trường Đại học Cần Thơ | ||